|
|
|
|
| LEADER |
00000nab#a22000007a#4500 |
| 001 |
arbauad032355 |
| 003 |
AR-BaUAD |
| 005 |
20250711112617.0 |
| 008 |
980731|||||||||###||||||b###|0###a|spa|| |
| 040 |
|
|
|a AR-BaUAD
|c AR-BaUAD
|b spa
|
| 245 |
|
|
|a Glas am HakenKunststoff am Draht /
|
| 300 |
0 |
|
|b fot., vistas, il.
|
| 653 |
|
|
|a ITALIA
|
| 653 |
|
|
|a MILAN
|
| 653 |
|
|
|a LUCEPLAN
|
| 653 |
|
|
|a RIZZATTO, PAOLO
|
| 653 |
|
|
|a TRE CI LUCE
|
| 653 |
|
|
|a BISTACCHI, PAOLO
|
| 653 |
|
|
|a ARTEFACTOS
|
| 653 |
|
|
|a ILUMINACION
|
| 653 |
|
|
|a LAMPARAS
|
| 653 |
|
|
|a DISEÑO INDUSTRIAL
|
| 773 |
0 |
|
|t MD moebel design
|g no. 7 [1998], p. 13-17
|
| 942 |
|
|
|c ARTI
|
| 952 |
|
|
|0 0
|1 0
|4 0
|7 0
|9 77274
|a AR-BAuAD
|b AR-BAuAD
|d 2025-07-11
|l 0
|p AAQA032355
|r 2025-07-11 11:26:17
|w 2025-07-11
|y ARTI
|
| 990 |
|
|
|a DI199
|b TD
|
| 998 |
|
|
|a AAQ
|b BIBUN76
|
| 999 |
|
|
|c 56947
|d 56947
|